00000000cas 2200000zi 4500
0019.958278
003CaOODSP
00520260316085520
006m     o  d f      
007cr |||||||||||
008251215d19471971oncmr p o    f0###a0eng|d
022 |y0015-7309
040 |aCaOODSP|beng|erda|cCaOODSP
043 |an-cn---
0861 |aC12-54E-PDF
24500|aForeign trade.
264 1|aOttawa : |bDepartment of Trade and Commerce, |c1947-1971.
310 |aMonthly, |bJune 1971-
321 |aWeekly, |b1947-1954
321 |aBiweekly, |b1954-May 1971
336 |atext|btxt|2rdacontent
337 |acomputer|bc|2rdamedia
338 |aonline resource|bcr|2rdacarrier
3621 |aBegan with: Vol. 1 (1947); ceased with Vol. 135 no. 16 (October 1971)
500 |aNumbering varies.
500 |aIssued also in French under title: Commerce extérieur.
550 |aPublished by the Department of Industry, Trade and Commerce, September 1968-1971.
588 |aDescription based on: Vol. 103, no. 1 (January 8, 1955)
588 |aLatest issue consulted: Vol. 135 no. 16 (October 1971)
650 0|aCommerce|vPeriodicals.
651 0|aCanada|xCommerce|vPeriodicals.
655 7|aPeriodicals|2lcgft
7101 |aCanada. |bDepartment of Trade and Commerce, |eissuing body.
7101 |aCanada. |bDepartment of Industry, Trade and Commerce, |eissuing body.
77508|tCommerce extérieur.|w(CaOODSP)9.958292
78500|tCanada commerce.|w(CaOODSP)9.958314